| 000 | 00365 a2200145 4500 | ||
|---|---|---|---|
| 999 |
_c8599 _d8599 |
||
| 020 | _a0627016839 | ||
| 050 | _aPL 8745 MUD 1996 | ||
| 100 |
_aMudau, T.T _eauthor |
||
| 245 |
_aKhulukusho ya tshengelo/ _cT.T. Mudau |
||
| 264 |
_aPretoria: _bJ.L. van Schaik, _c1990 |
||
| 300 | _a38p.: | ||
| 500 | _a--- | ||
| 650 | _aTshivenda poetry | ||
| 942 |
_2lcc _cBK _h8745 _iMUD _kPL |
||